00286nam a2200133Ia 45000030006000000080041000060400015000471000018000622450024000802500010001042600009001145460012001230050017001350STCL150530s9999 xx 000 0 und d aSTCLcSTCL aFuller Thomas aWorhties of England aFirst c1952 aEnglish20220125171437.0